Kryptoanalýza lightweight prúdovej šifry WG-8

Na minha lista:
Detalhes bibliográficos
Autor principal: Kaničár, Martin (Author)
Outros Autores: Hromada, Viliam (Thesis advisor)
Formato: Manuscrito Livro
Idioma:eslovaco
Publicado em: 2015
Assuntos:
Acesso em linha:http://is.stuba.sk/zp/portal_zp.pl?podrobnosti=111839
Tags: Adicionar Tag
Sem tags, seja o primeiro a adicionar uma tag!

MARC

LEADER 00000ntm a22000003a 4500
001 stuzp49630
003 SK-STU
005 20160719153331.7
007 ta
008 150427s2015----xo-----f-mn---000-0-slo-d
040 |a STU  |b slo 
041 0 |a slo 
100 1 |a Kaničár, Martin  |u 035000  |4 aut  |U FEI Fakulta elektrotechniky a informatiky  |T FEI Ústav informatiky a matematiky  |X 5957  |U E050  |Y 816  |7 A000005957 
242 0 1 |a Cryptanalysis of lightweight stream cipher WG-8  |y eng 
245 1 0 |a Kryptoanalýza lightweight prúdovej šifry WG-8 
260 |c 2015 
300 |a 33 s., príl.  |b CD-ROM 
650 4 |a lightweight kryptografia  |2 slo 
650 4 |a kryptoanalýza  |2 slo 
650 4 |a WG-8  |2 slo 
650 4 |a WG-8  |2 eng 
650 4 |a lightweight cryptography  |2 eng 
650 4 |a cryptoanalysis  |2 eng 
700 1 |a Hromada, Viliam  |4 ths  |X 36029  |7 A000036029 
856 4 |u http://is.stuba.sk/zp/portal_zp.pl?podrobnosti=111839 
996 |b 284EP11139  |c E*DIPL- 11139  |l EE35  |s P  |a 0  |w stuzp49630_0001 
SQL |a stuzp49630  |b DDP  |c SLO  |d Kryptoanalýza lightweight prúdovej šifry WG-8  |e 5957  |f Kaničár, Martin  |g 035000  |h 36029  |i Hromada, Viliam  |j 20150616  |k 359  |l 03  |m http://is.stuba.sk/zp/portal_zp.pl?podrobnosti=111839  |n I-API  |o 9.2.9. aplikovaná informatika